00617nmm a2200205Ia 4500008004100000020001800041041000800059100001800067245005200085264006900137300001800206490000800224650003200232700001800264700002700282700002700309856005100336942000700387999001700394251105s9999||||xx |||||||||||||||||und|| a9788481027051 aeng aPalonen, Kari 4aThe politics of dissensus: parliament in debate a[Madrid, España] :bEdiciones Universidad de Cantabria, c2014 a520 páginas aCUP aPolitical Science (General) aPalonen, Kari1 a Rosales, Jose María1 a Turkka, Tapani (eds.) uhttps://public.digitaliapublishing.com/a/47306 cCF c69695d69695